000 00702cam a22001935a 4500
001 L129945
008 050607c2002 xxk 000 0 eng u
035 _a(Sirsi) u129945
041 _aeng
050 _a380.50212
_c18
110 _aDepartment for Transport
_94683
245 0 0 _aTransport statistics for Great Britain 2002-
250 _a28th ed-
260 _aLondon
_bTSO
_c2002-
520 _aProvides an accurate and comprehensive picture of transport patronage in Great Britain.
690 _aPROPERTY-INFRASTRUCTURE
856 _uhttps://www.dft.gov.uk/stellent/groups/dft_transstats/documents/divisionhomepage/031571.hcsp
_zView the item free of charge at www.dft.gov.uk...
942 _n0
999 _c104313
_d104313